MDQL
is popping MORE tags! Check the
thread
!
Quizzes
Events
Quiz Creation
Community
Videos
Private Events
Remove Ads
Sign In
Join for FREE
Feedback
Dark Mode
Quiz Categories
Sports
Geography
Music
Movies
Television
Just For Fun
Miscellaneous
History
Literature
Language
Science
Gaming
Entertainment
Religion
Holiday
For Kids
Quiz Lab
Recent
Popular Today
Quiz Kudos Today
Editor Picks
Curator Picks
Quizzes by...
Day
Popularity
Type
Ratings
Length
Year
Community
Subscriptions
Recent Discussions
Orange Saloon
Badges
Playlists
Quests
Create
Leaderboards
Showdown
Live 5
Trivia Bingo
Activity
Puzzle Library
Sporcle Events
Private Events
Virtual Trivia
Globe League
Become a Host
Pub Owners
SporcleCon
Opinionation
Our Games
Videos
Blog
Mobile Apps
Partnerships
Remove Ads and Go Orange
Feedback
Religion
Mythology
Religious Music
World Religions
Bible
Christianity
Catholicism
Judaism
Church
Scripture
Islam
Verse
Religion
Mythology
Religious Music
World Religions
Bible
Christianity
Catholicism
Judaism
Church
Scripture
Islam
Verse
Random Quiz
Search Sporcle
×
Editor Pick
Editor Pick
Religion
Bible
Type in answers that appear in a list
Type in answers that appear in a list
Classic
Best Score? Go Orange.
SPORCLE Scripture Puzzle Stats
Can you solve the scripture puzzle below? (Please see 'How to Play' for instructions)
By
SporcleEXP
4m
11 Questions
904 Plays
904 Plays
904 Plays
Comments
Comments
Give Quiz Kudos
Give Quiz Kudos
-
- Ratings
hide this ad
More Info
Replay
Link that replays current quiz
Next Quiz
Link to next quiz in quiz playlist
You Got
0%
They Got
Avg Score
63%
Avg Friend Score
Upgrade to see
Score Distribution
Jump to the score distribution portion of the page
Score
0/11
Timer
04:00
0
Plays Today
Scripture Quote
Missing Word
% Correct
Men who have risked their lives for the name of Lords Jesus Sporcle.
Christ
89.7%
Not by works, so that no one SPORCLE boast.
can
75.8%
Come to SPORCLE, all who labor and are heavy laden, and I will give you rest.
me
75.3%
Jesus answerd, 'I am the way and the truth and the life. No one comes to the Father except SPORCLE me.
through
74.3%
What, then, shall we say in response to these things? If God is for us, SPORCLE can be against us?
who
71.1%
As a mother comforts her child, so SPORCLE will comfort you; in Jerusalem you shall find your comfort.
I
65.7%
Now faith is confidence in what we hope for and assurance about what we SPORCLE not see.
do
64.7%
Old things are passed away; behold, SPORCLE things are become new.
all
60.9%
The young woman ran and told her mother's household about these SPORCLE.
things
59.7%
He SPORCLE the bars of your gates and blesses your people within you.
strengthens
42.1%
MYSTERY VERSE
Philippians 4:13
21.8%
Quiz Playlist
Details
Report
Send in Message
Add To Playlist
More Info:
Each scripture quote given has one word replaced by SPORCLE. You must name the word that has been replaced.
The first ten answers comprise the Mystery Verse
You must include the book, chapter and verse when entering the final answer.
Solving the Mystery Verse will automatically complete the quiz.
Classic:
Type in answers that appear in a list
Last Updated: Dec 17, 2019
Editor Pick in
Religion
Curator Pick in
Scripture
Quiz Scoreboard
CHALLENGE
Sign Up to Join the Scoreboard
Show All
Scores
Hide
Comments
May contain spoilers
Recently Published
5x2 Blitz: Bands
by SL_Kpop136
Music
30s
Colored Red Africa Blitz
by spor1
Geography
30s
Find the 'City' Movie
by crazypaving
Movies
60s
More to Explore
Quiz From the Vault
Featured Blog Post
14 Easter Pick-up Lines to Find Eggs With
hide this ad
You Might Also Like...
Tags
Bible Quiz
Christianity Quiz
Scripture Quiz
Verse Quiz
Today's Top Quizzes in Religion
Browse Religion
hide this ad
Today's Top Quizzes in Bible
Browse Bible
Top Contributed Quizzes in Religion
1
Greek Personifications
2
Christmas Pick: Christianity
3
Greek Deities by Wombo Dream Artwork
4
Mythological Creature Bunker
5
Bible Books Venn Diagram
6
Bible Figures Venn Diagram II
7
Language by 'Haggadah' Cover
8
5-to-1: Children of Gods
9
Plants of Greek Mythology (Picture Click)
10
Dogs in Mythology
Explore More
Trending Topics
Marvel
Kpop
NBA
Harry Potter
Anime
Crossword
Disney
The Office
WWE
Soccer
Pokémon
Song
Puzzle
NFL
Country
hide this ad
More By:
SporcleEXP
Quiz
Plays
Rating
Category
Featured
Created
Harry Potter Deaths in Order Minefield
3,068,749
4.18
Literature
Jan 27, 2016
Sins, Dwarfs, and Spice Girls
847,304
4.42
Just For Fun
Apr 11, 2012
Ancient History Bunker
708,275
4.28
History
Jan 20, 2014
Movie Posters VI
679,077
4.37
Movies
Nov 12, 2010
Movie Posters VII
621,897
4.44
Movies
Apr 16, 2011
Go to Creator's Profile
Score Distribution
Quiz Creator Spotlight
SporcleEXP
Follow
Send a Message
Quizzes Created
-
Created Quiz Play Count
-
More By This Creator
Popular Quizzes Today
1
Find the 'City' Movie
2
5x2 Blitz: Bands
3
Find the US States - No Outlines Minefield
4
The Countries of the World
5
Find the US States
6
Colored Red Africa Blitz
7
9x9 Crossword: Cartoon Network
8
Risky Map Clicking: Biggest States A-Z
More Religion Quizzes
Missing Member: Religion
Published
Trending Quizzes
Colored Red Africa Blitz II
Colored Red Europe Blitz I
Find the 'Dark' Movie
Find the 'Day' Movie
Find the 'Good' Movie
Recently Updated
Champions League XIs: Real Madrid
pecheneg
Largest US Cities 1790-2010
pecheneg
Rides in Walt Disney World
pecheneg
Most Oscar Losses (Acting)
pecheneg
Beyoncé Albums
pecheneg
Leaping Animals
pecheneg
Reality TV Shows (A-Z)
bhenderson79
Rickey Henderson's Hall of Fame Teammates
pecheneg
Champions League XIs: Arsenal
pecheneg
Quick Pick: Celebrities in WWE's Hall of Fame
aduchscher
Trending Topics
Marvel
Crossword
NBA
Harry Potter
Disney
Anime
Kpop
NFL
WWE
Puzzle
Pokémon
Song
Soccer
Country
The Office
Your Account Isn't Verified!
In order to create a playlist on Sporcle, you need to verify the email address you used during registration. Go to your
Sporcle Settings
to finish the process.
Report this User
Report this user for behavior that violates our
Community Guidelines
.
Details:
Send Report
Go to the Sporcle.com Mobile Site →
Comments